Pracovný poriadok ako základný interný predpis zamestnávateľa. Čo by mal obsahovať?

Praktické otázky týkajúce sa vydania pracovného poriadku zo strany zamestnávateľa, nadobudnutie jeho platnosti a účinnosti, aké náležitosti by mal tento interný predpis spĺňať. Praktické príklady.

Gespeichert in:
Bibliographische Detailangaben
1. Verfasser: Gejdošová, Slavomíra
Format: Buchkapitel
Sprache:Slowakisch
Schlagworte:
Tags: Tag hinzufügen
Keine Tags, Fügen Sie das erste Tag hinzu!

MARC

LEADER 00000naa a2200000 4500
001 0208704
005 20231109105106.5
041 0 |a slo 
044 |a SK 
245 1 0 |a Pracovný poriadok ako základný interný predpis zamestnávateľa. Čo by mal obsahovať?  |c Slavomíra Gejdošová 
520 |a Praktické otázky týkajúce sa vydania pracovného poriadku zo strany zamestnávateľa, nadobudnutie jeho platnosti a účinnosti, aké náležitosti by mal tento interný predpis spĺňať. Praktické príklady. 
610 2 0 |a poriadok pracovný 
610 2 0 |a zamestnávatelia 
610 2 0 |a zamestnanci 
610 2 0 |a zákonník práce 
610 2 0 |a pomer pracovný 
610 2 0 |a disciplína pracovná 
610 2 0 |a čas pracovný 
610 2 0 |a dovolenka 
610 2 0 |a ochrana údajov osobných 
100 1 |a Gejdošová, Slavomíra